El pecado monetario de Occidente / (Record no. 133392)

MARC details
000 -LEADER
campo de control de longitud fija 00591nam a2200193 4500
001 - NÚMERO DE CONTROL
campo de control 133392
003 - IDENTIFICADOR DE NÚMERO DE CONTROL
campo de control ES-MaACL
005 - FECHA Y HORA DE LA ÚLTIMA TRANSACCIÓN
campo de control 20230906194408.0
007 - CAMPO FIJO DE DESCRIPCIÓN FÍSICA--INFORMACIÓN GENERAL
campo de control de longitud fija t|
008 - DATOS DE LONGITUD FIJA--INFORMACIÓN GENERAL
campo de control de longitud fija 070214s1971 sp r ||||1| spa d
100 1# - ENTRADA PRINCIPAL--NOMBRE DE PERSONA
Nombre de persona Rueff, Jacques.
9 (RLIN) 100528
245 13 - MENCIÓN DEL TÍTULO
Título El pecado monetario de Occidente /
Mención de responsabilidad, etc. Jacques Rueff ; [traducción de José Manuel Prades y Jesús Méndez].
250 ## - MENCION DE EDICION
Mención de edición 1ª ed.
260 ## - PUBLICACIÓN, DISTRIBUCIÓN, ETC.
Lugar de publicación, distribución, etc. Barcelona :
Nombre del editor, distribuidor, etc. Dopesa,
Fecha de publicación, distribución, etc. 1971.
300 ## - DESCRIPCIÓN FÍSICA
Extensión 202 p. ;
Dimensiones 20 cm.
700 1# - ENTRADA AGREGADA--NOMBRE PERSONAL
Nombre de persona Prades, José Manuel.
9 (RLIN) 93596
700 1# - ENTRADA AGREGADA--NOMBRE PERSONAL
Nombre de persona Méndez, Jesús.
9 (RLIN) 80120
852 ## - LOCALIZACIÓN
Ubicación ES-MaACL
Número de control de estantería C-39152
Sublocalización o colección R.79494
Holdings
Estatus retirado Estado de pérdida Estado de daño No para préstamo Biblioteca de origen Biblioteca actual Ubicación en estantería Fecha de adquisición Fuente de adquisición Total de préstamos Signatura topográfica completa Código de barras Visto por última vez Precio de reemplazo Tipo de ítem Koha
        Biblioteca del Ateneo de Madrid Biblioteca del Ateneo de Madrid Depósito 2 17/01/2008     C-39152 1138867 23/02/2023 23/02/2023 Libro impreso